Ed Sheeran's Divide Album Songs - Statistics

General Stats
  • This quiz has been taken 33 times
  • The average score is 12 of 16
Answer Stats
Answer % Correct
Castle on the Hill
92%
Perfect
92%
Shape of You
92%
Dive
85%
Eraser
85%
Galway Girl
85%
Supermarket Flowers
85%
How Would You Feel
77%
Nancy Mulligan
77%
Barcelona
73%
What Do I know?
73%
Bibia Be Ye Ye
69%
Happier
65%
New Man
65%
Save Myself
65%
Hearts Don't Break Around Here
62%
No matching quizzes found
Score Distribution
Percent of People with Each Score
Percentile by Number Answered
Your Score History
You have not taken this quiz